Statická a dynamická analýza vysokej budovy

Enregistré dans:
Détails bibliographiques
Auteur principal: Csiba, Gábor (Auteur)
Autres auteurs: Jendželovský, Norbert (Directeur de thèse)
Format: Manuscrit Livre
Langue:slovaque
Publié: 2019
Sujets:
Accès en ligne:http://is.stuba.sk/zp/portal_zp.pl?podrobnosti=144650
https://opac.crzp.sk/?fn=detailBiblioForm&sid=9F8942B94996237AA9FC19F666DC
Tags: Ajouter un tag
Pas de tags, Soyez le premier à ajouter un tag!

MARC

LEADER 00000ntm a22000003a 4500
001 stuzp73361
003 SK-STU
005 20230526134048.1
007 ta
008 150427s2015----xo-----f-mn---000-0-slo-d
040 |a STU  |b slo 
041 0 |a slo 
100 1 |a Csiba, Gábor  |u 010250  |k Z4  |4 aut  |U SvF Stavebná fakulta  |T SvF Katedra stavebnej mechaniky  |X 75691  |U V250  |Y 26  |7 75691 
242 0 1 |a Static and dynamic analysis of a high building  |y eng 
245 1 0 |a Statická a dynamická analýza vysokej budovy 
260 |c 2019 
650 4 |a Výškova budova  |2 slo 
650 4 |a Seizmicita  |2 slo 
650 4 |a Modálna analýza  |2 slo 
650 4 |a Spektrálna analýza  |2 slo 
650 4 |a High building  |2 eng 
650 4 |a Seismicity  |2 eng 
650 4 |a Modal analysis  |2 eng 
650 4 |a Spectral analysis  |2 eng 
700 1 |a Jendželovský, Norbert  |u 010250  |k Z1  |4 ths  |U SvF Stavebná fakulta  |T SvF Katedra stavebnej mechaniky  |X 880  |U V250  |Y 26  |7 A000000880 
856 4 |u http://is.stuba.sk/zp/portal_zp.pl?podrobnosti=144650 
856 4 |u https://opac.crzp.sk/?fn=detailBiblioForm&sid=9F8942B94996237AA9FC19F666DC